000
00216nam a22001097a 4500
082
_a
823
_b
COL/C
100
_a
COLIN
245
_a
ENGLISH SHORT STORY
260
_a
UK
650
_a
ENGLISH SHORT STORY
_z
UK
942
_c
BK
999
_c
4843
_d
4843